[Event "Gatineau Premiers Flocons"]
[Site "Gatineau"]
[Date "2018.12.18"]
[Round "4"]
[White "Raymond, Robert"]
[Black "Latreille, Etienne"]
[Result "0-1"]
[WhiteElo "1289"]
[BlackElo "1630"]
[PlyCount "74"]
[EventDate "2018.11.27"]
[EventType "swiss"]
[EventRounds "4"]
[EventCountry "CAN"]
[SourceTitle "EXT 2022"]
[Source "ChessBase"]
[SourceDate "2021.10.06"]
[SourceVersion "1"]
[SourceVersionDate "2021.10.06"]
[SourceQuality "1"]

1. e4 c5 2. d3 e5 3. Nf3 Nc6 4. g3 Be7 5. Bg2 d6 6. 0-0 Nf6 7. Nc3 h6 8. Be3 Be6 9. a3 0-0 10. h4 Qd7 11. Nh2 Ng4 12. Nxg4 Bxg4 13. f3 Bh3 14. Rf2 Bxg2 15. Kxg2 f5 16. f4 Nd4 17. Nd5 Rae8 18. b3 fxe4 19. dxe4 exf4 20. Bxf4 Kh8 21. c3 Ne6 22. Qf1 Nc7 23. c4 Nxd5 24. exd5 Bf6 25. Rb1 Rf7 26. Re1 Rfe7 27. Rfe2 Kg8 28. Re4 Rxe4 29. Rxe4 Rxe4 30. Qf3 Re8 31. g4 Bxh4 32. g5 Bxg5 33. Bxg5 hxg5 34. b4 b6 35. b5 Qe7 36. Qg4 Qe4+ 37. Qxe4 Rxe4 0-1

[Event "Gatineau Pere Noel-B"]
[Site "Gatineau"]
[Date "2016.12.13"]
[Round "2"]
[White "Rioux, Jocelyn"]
[Black "Raymond, Robert"]
[Result "1-0"]
[WhiteElo "1466"]
[BlackElo "1282"]
[PlyCount "79"]
[EventDate "2016.12.06"]
[EventType "swiss"]
[EventRounds "5"]
[EventCountry "CAN"]
[SourceTitle "EXT 2022"]
[Source "ChessBase"]
[SourceDate "2021.10.06"]
[SourceVersion "1"]
[SourceVersionDate "2021.10.06"]
[SourceQuality "1"]

1. e4 e5 2. Nf3 Nc6 3. Bc4 h6 4. d4 d6 5. dxe5 Be6 6. Bxe6 fxe6 7. exd6 Bxd6 8. Nc3 a6 9. 0-0 Qe7 10. Re1 0-0-0 11. Qe2 g5 12. e5 Bc5 13. Ne4 Ba7 14. Nexg5 Rd7 15. Ne4 Qf7 16. Be3 Bxe3 17. Qxe3 Nge7 18. Nf6 Nf5 19. Qc3 Rdd8 20. Rad1 Nfe7 21. Qe3 Nf5 22. Qe2 Nfe7 23. Rxd8+ Rxd8 24. Rd1 Nd5 25. Nxd5 exd5 26. Nd4 Nxd4 27. Rxd4 c5 28. Qg4+ Kb8 29. e6 Re8 30. Rxd5 Qe7 31. Qf4+ Ka7 32. Qxh6 Qxe6 33. Qxe6 Rxe6 34. Kf1 b6 35. Rd7+ Kb8 36. c4 Rh6 37. h3 Rh4 38. b3 b5 39. cxb5 axb5 40. Rd5 1-0

[Event "Gatineau Automne-B"]
[Site "Gatineau"]
[Date "2016.10.25"]
[Round "1"]
[White "Sigouin, Frederic"]
[Black "Raymond, Robert"]
[Result "1-0"]
[WhiteElo "1148"]
[BlackElo "1326"]
[PlyCount "63"]
[EventDate "2016.10.25"]
[EventType "swiss"]
[EventRounds "5"]
[EventCountry "CAN"]
[SourceTitle "EXT 2022"]
[Source "ChessBase"]
[SourceDate "2021.10.06"]
[SourceVersion "1"]
[SourceVersionDate "2021.10.06"]
[SourceQuality "1"]

1. e4 e5 2. Nf3 Nc6 3. Bb5 d6 4. d3 Bd7 5. c3 Nf6 6. b4 a6 7. Bc4 g6 8. Ng5 d5 9. exd5 h6 10. Nxf7 Kxf7 11. dxc6+ Be6 12. cxb7 Rb8 13. Qf3 Bxc4 14. dxc4 e4 15. Qe3 Rxb7 16. c5 c6 17. 0-0 Rd7 18. Nd2 Rd3 19. Qf4 g5 20. Qf5 Rd5 21. Qh3 Rd3 22. f3 e3 23. Ne4 e2 24. Re1 Rd1 25. Bxg5 Rxe1+ 26. Rxe1 Qd1 27. Kf2 Nxe4+ 28. fxe4 Bg7 29. Qf3+ Kg8 30. Rxe2 Kh7 31. Qf5+ Kg8 32. Rd2 1-0

[Event "Outaouais op U1500"]
[Site "Gatineau"]
[Date "2015.06.07"]
[Round "5"]
[White "Raymond, Robert"]
[Black "Arcand, Pierre"]
[Result "1-0"]
[WhiteElo "1341"]
[BlackElo "1111"]
[PlyCount "63"]
[EventDate "2015.06.05"]
[EventType "swiss"]
[EventRounds "5"]
[EventCountry "CAN"]
[SourceTitle "EXT 2019"]
[Source "ChessBase"]
[SourceDate "2018.10.10"]
[SourceVersion "1"]
[SourceVersionDate "2018.10.10"]
[SourceQuality "1"]

1. e4 e5 2. Nf3 Nc6 3. Bb5 Nf6 4. c3 Nxe4 5. Qe2 Nf6 6. 0-0 Be7 7. Ba4 e4 8. Bxc6 bxc6 9. Nd4 0-0 10. d3 exd3 11. Qxd3 a5 12. Qg3 Ne4 13. Qe3 Nf6 14. Nd2 c5 15. Nf5 Re8 16. Qg5 Bf8 17. Nh6+ Kh8 18. Nxf7+ Kg8 19. Nxd8 Rxd8 20. Nf3 Re8 21. Be3 Rb8 22. Rab1 Ba6 23. Rfe1 Bd3 24. Ra1 Rxb2 25. Bxc5 d6 26. Rxe8 Nxe8 27. Qd5+ Kh8 28. Qxd3 dxc5 29. Qd8 Re2 30. Re1 Rxe1+ 31. Nxe1 Kg8 32. Qxe8 1-0

[Event "CEH-ch Releve II"]
[Site "Gatineau"]
[Date "2015.05.10"]
[Round "6"]
[White "Pilon, Robert"]
[Black "Raymond, Robert"]
[Result "1-0"]
[WhiteElo "1513"]
[BlackElo "1341"]
[PlyCount "75"]
[EventDate "2015.04.07"]
[EventType "swiss"]
[EventRounds "6"]
[EventCountry "CAN"]
[SourceTitle "EXT 2016"]
[Source "ChessBase"]
[SourceDate "2015.10.08"]
[SourceVersion "1"]
[SourceVersionDate "2015.10.08"]
[SourceQuality "1"]

1. e4 e5 2. Nf3 Nc6 3. Bc4 h6 4. Nc3 Nf6 5. d4 Bb4 6. Bd2 Nxd4 7. Nxd4 exd4 8. Ne2 Bxd2+ 9. Qxd2 0-0 10. Qxd4 d6 11. 0-0-0 Be6 12. Bxe6 fxe6 13. e5 dxe5 14. Qxe5 Qe7 15. f3 Rad8 16. Nf4 Qf7 17. Rxd8 Rxd8 18. Qxe6 Re8 19. Qxf7+ Kxf7 20. h4 c5 21. Rf1 b5 22. g4 g5 23. hxg5 hxg5 24. Nd3 c4 25. Nf2 a5 26. c3 b4 27. cxb4 axb4 28. Kd2 Rd8+ 29. Kc2 Nd5 30. Re1 Nf4 31. Re4 Nd3 32. Nxd3 cxd3+ 33. Kd2 Ra8 34. Rxb4 Rxa2 35. Kxd3 Ra1 36. Rb5 Rd1+ 37. Ke2 Rd6 38. Rxg5 1-0

[Event "CEH-ch Releve II"]
[Site "Gatineau"]
[Date "2015.05.05"]
[Round "5"]
[White "Raymond, Robert"]
[Black "Arcand, Pierre"]
[Result "1-0"]
[WhiteElo "1341"]
[BlackElo "1142"]
[PlyCount "69"]
[EventDate "2015.04.07"]
[EventType "swiss"]
[EventRounds "6"]
[EventCountry "CAN"]
[SourceTitle "EXT 2016"]
[Source "ChessBase"]
[SourceDate "2015.10.08"]
[SourceVersion "1"]
[SourceVersionDate "2015.10.08"]
[SourceQuality "1"]

1. e4 e5 2. Nf3 Nc6 3. Bb5 Nf6 4. c3 Bc5 5. d4 exd4 6. e5 Nd5 7. cxd4 Bb4+ 8. Bd2 Bxd2+ 9. Qxd2 0-0 10. 0-0 d6 11. Bxc6 bxc6 12. Nc3 Nxc3 13. bxc3 Ba6 14. Rfe1 Rb8 15. Reb1 Rxb1+ 16. Rxb1 Qd7 17. Qc2 Qg4 18. h3 Qe6 19. Ng5 Qh6 20. Nf3 Qg6 21. Qxg6 fxg6 22. Re1 c5 23. e6 Re8 24. dxc5 dxc5 25. a3 h6 26. Nd2 Bc4 27. Nxc4 Re7 28. Na5 a6 29. Nc6 Re8 30. g4 Kh7 31. f4 g5 32. fxg5 hxg5 33. e7 g6 34. Rf1 Kg7 35. Rd1 1-0

[Event "Gatineau Judith Polgar"]
[Site "Gatineau"]
[Date "2015.01.27"]
[Round "3"]
[White "Legare, Gilles"]
[Black "Raymond, Robert"]
[Result "0-1"]
[WhiteElo "1081"]
[BlackElo "1365"]
[PlyCount "98"]
[EventDate "2015.01.13"]
[EventType "swiss"]
[EventRounds "5"]
[EventCountry "CAN"]
[SourceTitle "EXT 2022"]
[Source "ChessBase"]
[SourceDate "2021.10.06"]
[SourceVersion "1"]
[SourceVersionDate "2021.10.06"]
[SourceQuality "1"]

1. e4 e5 2. Nf3 Nc6 3. a3 Nf6 4. Nc3 d6 5. Bb5 Bd7 6. d3 Be7 7. Bg5 0-0 8. Ne2 a6 9. Ba4 b5 10. Bb3 Bg4 11. c3 Bxf3 12. gxf3 Rb8 13. Rg1 Qd7 14. Ng3 Ne8 15. Qd2 Bxg5 16. Qxg5 Qe7 17. h4 h6 18. Qf5 Qf6 19. Qg4 Ne7 20. Nh5 Qg6 21. 0-0-0 Qxg4 22. Rxg4 Kh8 23. Rdg1 g6 24. Ng3 Nf6 25. Rg5 hxg5 26. hxg5 Nd7 27. Rh1+ Kg7 28. Kd2 a5 29. Kc2 a4 30. Ba2 c5 31. Ne2 b4 32. f4 b3+ 33. Bxb3 axb3+ 34. Kd2 exf4 35. Nxf4 Rh8 36. Rf1 Ne5 37. Ke3 Ng4+ 38. Kd2 Ne5 39. f3 Rh2+ 40. Ne2 d5 41. f4 N5c6 42. f5 gxf5 43. exf5 f6 44. g6 Rbh8 45. Rf3 Ne5 46. Re3 Nxf5 47. c4 Nxe3 48. Kxe3 d4+ 49. Kd2 Nf3+ 0-1

[Event "Outaouais-ch reserve"]
[Site "Gatineau"]
[Date "2014.04.29"]
[Round "3"]
[White "Danilov, Alex"]
[Black "Raymond, Robert"]
[Result "1-0"]
[WhiteElo "1843"]
[BlackElo "1374"]
[PlyCount "55"]
[EventDate "2014.04.14"]
[EventType "swiss"]
[EventRounds "6"]
[EventCountry "CAN"]
[SourceTitle "EXT 2022"]
[Source "ChessBase"]
[SourceDate "2021.10.06"]
[SourceVersion "1"]
[SourceVersionDate "2021.10.06"]
[SourceQuality "1"]

1. e4 e5 2. f4 exf4 3. Nf3 g5 4. h4 g4 5. Ne5 d6 6. Nxg4 Bxg4 7. Qxg4 Bh6 8. d4 Qd7 9. Qf3 Nc6 10. c3 0-0-0 11. Bxf4 Bxf4 12. Qxf4 Qe7 13. Be2 Nf6 14. Nd2 Rhg8 15. g4 Rde8 16. Bf3 Nd5 17. Qf5+ Qe6 18. Qxe6+ Rxe6 19. g5 Ne3 20. Kf2 Re7 21. Kxe3 Rf8 22. Bg4+ Kb8 23. Rhf1 f6 24. Rxf6 Rfe8 25. Raf1 b6 26. Rf7 Kb7 27. Bd7 Rxf7 28. Rxf7 1-0

[Event "Gatineau Nez Rouge"]
[Site "Gatineau"]
[Date "2012.12.04"]
[Round "3"]
[White "Legare, Gilles"]
[Black "Raymond, Robert"]
[Result "0-1"]
[WhiteElo "1039"]
[BlackElo "1408"]
[PlyCount "58"]
[EventDate "2012.11.20"]
[EventType "swiss"]
[EventRounds "5"]
[EventCountry "CAN"]
[SourceTitle "EXT 2022"]
[Source "ChessBase"]
[SourceDate "2021.10.06"]
[SourceVersion "1"]
[SourceVersionDate "2021.10.06"]
[SourceQuality "1"]

1. e4 d6 2. Nf3 e5 3. Be2 Nf6 4. d3 Be7 5. Bg5 h6 6. Be3 0-0 7. Nh4 c6 8. Nd2 d5 9. Nf5 Bxf5 10. exf5 d4 11. Bxh6 gxh6 12. 0-0 Ne8 13. Ne4 Nd7 14. Qd2 Bg5 15. Qd1 Ng7 16. Ng3 Bf4 17. Bf3 Bxg3 18. fxg3 Nxf5 19. Be4 Ne3 20. Qf3 Nxf1 21. Qf5 Nf6 22. Rxf1 Nxe4 23. Qxe4 Qg5 24. Rf3 Rae8 25. h3 f5 26. Qe1 e4 27. Rf4 exd3 28. Qd2 Qxg3 29. Rf1 Re2 0-1

[Event "Gatineau Commanditaires op"]
[Site "Gatineau"]
[Date "2012.03.20"]
[Round "4"]
[White "Raymond, Robert"]
[Black "Traversy, Pierre"]
[Result "1-0"]
[WhiteElo "1451"]
[BlackElo "1096"]
[PlyCount "154"]
[EventDate "2012.02.28"]
[EventType "swiss"]
[EventRounds "4"]
[EventCountry "CAN"]
[SourceTitle "EXT 2013"]
[Source "ChessBase"]
[SourceDate "2012.11.22"]
[SourceVersion "1"]
[SourceVersionDate "2012.11.22"]
[SourceQuality "1"]

1. e4 c5 2. Nf3 Nc6 3. c3 e6 4. d4 cxd4 5. cxd4 g6 6. Nc3 a6 7. Be2 Bg7 8. 0-0 Nge7 9. Be3 d6 10. Qd2 0-0 11. Bh6 f6 12. Bxg7 Kxg7 13. Bd3 b5 14. a3 Bb7 15. Bc2 Na5 16. b3 Nac6 17. b4 Qc7 18. Bb3 e5 19. d5 Nd8 20. Rfc1 Qd7 21. Nh4 Nf7 22. f4 exf4 23. Qxf4 Ne5 24. Qg3 Qg4 25. Qxg4 Nxg4 26. h3 Ne5 27. Ne2 Bc8 28. Rf1 f5 29. Bc2 Bd7 30. Rac1 Rac8 31. Bb1 Rxc1 32. Nxc1 fxe4 33. Rxf8 Kxf8 34. Bxe4 Nf5 35. Nf3 Nxf3+ 36. Bxf3 Nd4 37. Be4 Kf7 38. Kf2 h5 39. Ke3 Nf5+ 40. Kf4 Kf6 41. g4 hxg4 42. hxg4 Nd4 43. g5+ Kf7 44. Ke3 Nf5+ 45. Kd3 Ng3 46. Bg2 Bf5+ 47. Ke3 Nh5 48. Nb3 Ng7 49. Na5 Ke7 50. Nc6+ Ke8 51. Nb8 Bc8 52. Be4 Kf7 53. Kf4 Ne8 54. Nc6 Ng7 55. Nd8+ Ke7 56. Nc6+ Kf7 57. Nd4 Nh5+ 58. Kf3 Ng7 59. Kg3 Nf5+ 60. Bxf5 gxf5 61. Kf4 Kg6 62. Nc6 Kf7 63. Nd4 Kg6 64. Nc6 Kf7 65. Nd4 Kg6 66. Ne6 Bb7 67. Nc7 Bc8 68. Ne6 Bb7 69. Nd4 Bxd5 70. Nxf5 Be6 71. Nxd6 Bc4 72. Ne8 Bd5 73. Nd6 Bc4 74. Ne4 Bb3 75. Nc5 Bc4 76. Nxa6 Kf7 77. Nc5 Ke7 1-0